[Event "Ch Czech Republic (juniors) (under 20)"]
[Site "masterchessopen.com Lazne Bohdanec (Czech Republic)"]
[Round "0"]
[White "Rozmbersky David (CZE)"]
[Black "Krejci Jakub (CZE)"]
[Result "0-1"]
[WhiteElo "2207"]
[BlackElo "2140"]

1.d4 Nf6 2.c4 e6 3.Nc3 Bb4 4.Qc2 d5 5.cxd5 exd5 6.Bg5 c5 7.dxc5 d4 8.O-O-O
Bxc3 9.bxc3 Qa5 10.Bxf6 gxf6 11.cxd4 Nc6 12.e4 Nb4 13.Qb3 Be6 14.Bc4 Bxc4
15.Qxc4 Rc8 16.Kb2 b6 17.a3 Nc6 18.Qc3 Qb5+ 19.Qb3 Qa6 20.Qd3 Qa5 21.Qc3 Qb5+
22.Ka2 bxc5 23.dxc5 Ne5 24.Rb1 Qa6 25.Nh3 Nd3 26.Qb3 O-O 27.Qb5 Qe6+ 28.Qb3
Qxe4 29.Rhd1 Rfd8 30.Ng1 Rxc5 31.Nf3 Rc2+ 32.Ka1 Qe2 33.Nd4 Rxd4 34.Qb8+ Kg7
{#R} 0-1

[Event "Ch Czech Republic (juniors) (under 20)"]
[Site "masterchessopen.com Lazne Bohdanec (Czech Republic)"]
[Round "0"]
[White "Rozmbersky David (CZE)"]
[Black "Kubala Petr (CZE)"]
[Result "0-1"]
[WhiteElo "2207"]
[BlackElo "2290"]

1.d4 Nf6 2.c4 e6 3.Nc3 Bb4 4.Qc2 d5 5.cxd5 exd5 6.Bg5 h6 7.Bh4 c5 8.dxc5 Nc6
9.e3 g5 10.Bg3 Qa5 11.O-O-O Be6 12.Nb5 Qxa2 13.Nc7+ Ke7 14.Bd6+ Kd7 15.Nxa8
Rxa8 16.Bb5 Ne4 17.Nf3 Bf5 18.Ne5+ Kc8 19.Nxc6 Qa1+ 20.Qb1 Nd2 {#R} 0-1

[Event "It (open)"]
[Site "masterchessopen.com Pardubice (Czech Republic)"]
[Round "9"]
[White "Kniest Oliver (GER)"]
[Black "Hladik Josef (CZE)"]
[Result "1-0"]
[WhiteElo "2300"]
[BlackElo "2176"]

1.d4 Nf6 2.c4 e6 3.Nc3 Bb4 4.Qc2 d5 5.cxd5 exd5 6.Bg5 Qd6 7.e3 Bxc3+ 8.bxc3
Ne4 9.Bf4 Qe7 10.Bd3 c6 11.Ne2 h6 12.f3 Nf6 13.e4 dxe4 14.fxe4 Nbd7 15.O-O Nb6
16.Ng3 Be6 17.c4 Rd8 18.d5 Qc5+ 19.Kh1 cxd5 20.exd5 Nfxd5 21.cxd5 Qxc2 22.Bxc2
Nxd5 23.Ba4+ Ke7 24.Bd2 h5 25.Nf5+ Kf8 26.Nd4 Bc8 27.Bb3 h4 28.Rac1 Rh5 29.h3
a6 30.Nf3 f6 31.Rc4 b5 32.Rxh4 Rxh4 33.Nxh4 Bb7 34.Ba5 Rc8 35.Ng6+ Ke8 36.Re1+
Kd7 37.Bxd5 Bxd5 38.Rd1 {#r} 1-0

[Event "Tournament (team)"]
[Site "masterchessopen.com Sao Bernardo (Brazil)"]
[Round "5"]
[White "Vera Reynaldo (CUB)"]
[Black "Hoffman Alejandro (ARG)"]
[Result "1-0"]
[WhiteElo "2530"]
[BlackElo "2525"]

1.c4 e6 2.Nc3 Bb4 3.d4 Nf6 4.Qc2 d5 5.cxd5 exd5 6.Bg5 h6 7.Bh4 c5 8.dxc5 g5
9.Bg3 Ne4 10.e3 Qa5 11.Ne2 Bf5 12.Qc1 Nc6 13.a3 Nxc5 14.axb4 Nd3+ 15.Kd2 Nxc1
16.Rxa5 Nb3+ 17.Ke1 Ncxa5 18.bxa5 Be6 19.a6 bxa6 20.Nd4 Nxd4 21.exd4 O-O
22.Bxa6 f6 23.Kd2 Rad8 24.Re1 Bc8 25.Bxc8 Rxc8 26.Nxd5 Rcd8 27.Ne7+ Kf7 28.Nc6
Rd7 29.Ra1 Ke6 30.Ra6 Kf5 31.Kd3 h5 32.h3 h4 33.Bb8 Rb7 34.Bxa7 Re8 35.Bc5
{#r} 1-0

[Event "Ch Slovakia (team) 1998/99 (1 liga) West"]
[Site "masterchessopen.com Slovakia"]
[Round "1"]
[White "Szucs Vladimir (SVK)"]
[Black "Michal Silvio (SVK)"]
[Result "1-0"]
[WhiteElo "2152"]
[BlackElo "2108"]

1.d4 Nf6 2.c4 e6 3.Nc3 Bb4 4.Qc2 d5 5.cxd5 exd5 6.Bg5 c6 7.e3 Bg4 8.Bd3 Nbd7
9.Ne2 Bh5 10.Ng3 Bg6 11.Nf5 O-O 12.O-O Re8 13.a3 Bf8 14.b4 a6 15.Na4 Bxf5
16.Bxf5 Qc7 17.Bf4 Bd6 18.Bxd6 Qxd6 19.Nc5 Nxc5 20.bxc5 Qc7 21.Rab1 g6 22.Bh3
Ne4 23.g3 Ng5 24.Bg2 f5 25.Rb6 Nf7 26.Rfb1 Nd8 27.R1b3 Qf7 28.g4 fxg4 29.e4
Re7 30.Re3 dxe4 31.Rxe4 Rxe4 32.Qxe4 Ne6 33.Qxg4 Rd8 34.d5 Nxc5 35.dxc6 Nd3
36.Qh4 Qc7 {#r} 1-0

[Event "Ch Russia"]
[Site "masterchessopen.com St. Petersburg (Russia)"]
[Round "3"]
[White "Sapunov Evgeny (RUS)"]
[Black "Sokolov Andrei (FRA)"]
[Result "1-0"]
[WhiteElo "2466"]
[BlackElo "2565"]

1.d4 Nf6 2.c4 e6 3.Nc3 Bb4 4.Qc2 d5 5.cxd5 exd5 6.Bg5 h6 7.Bh4 c5 8.dxc5 Nc6
9.e3 g5 10.Bg3 Ne4 11.Nf3 Qa5 12.Nd2 Nxc3 13.bxc3 Bxc3 14.Rc1 Bf6 15.Bd6 Bd7
16.Be2 Nb4 17.Qb3 Bc6 18.O-O Nxa2 19.Rc2 Nb4 20.Rb2 Na6 21.Ra2 Qc3 22.Qd1 Nb8
23.e4 d4 24.Nc4 Nd7 25.e5 Bg7 26.Ra3 Qb4 27.Qxd4 {#r} 1-0

[Event "It (open)"]
[Site "masterchessopen.com Val Thorens (France)"]
[Round "0"]
[White "Horvath Csaba (HUN)"]
[Black "Olivier Jean-Christophe (FRA)"]
[Result "1-0"]
[WhiteElo "2540"]
[BlackElo "2370"]

1.d4 Nf6 2.c4 e6 3.Nc3 Bb4 4.Qc2 d5 5.cxd5 exd5 6.Bg5 h6 7.Bxf6 Qxf6 8.a3
Bxc3+ 9.Qxc3 c6 10.e3 O-O 11.Nf3 Bf5 12.Be2 Nd7 13.O-O Bg4 14.h3 Bxf3 15.Bxf3
Qe6 16.Rfc1 Nf6 17.b4 g5 18.b5 cxb5 19.Qc7 Rab8 20.Rc5 Rfc8 21.Qg3 Rxc5
22.Qxb8+ Qc8 23.Qxa7 Rc2 24.Qb6 Qc6 25.Qd8+ Kg7 26.Qe7 Kg6 27.g4 b6 28.Qe5 Ne4
29.Bxe4+ dxe4 30.Kg2 Rd2 31.Qf5+ Kg7 32.Rb1 Qc2 33.Rxb5 Qc6 34.Rd5 Rd1 35.Qe5+
Kh7 36.Qxe4+ {#r} 1-0

[Event "It (open)"]
[Site "masterchessopen.com Bethune (France)"]
[Round "0"]
[White "Karr Jean-Philippe (FRA)"]
[Black "Savinel Philippe (FRA)"]
[Result "1-0"]
[WhiteElo "2321"]
[BlackElo "2074"]

1.d4 e6 2.c4 Nf6 3.Nc3 Bb4 4.Qc2 d5 5.cxd5 exd5 6.Bg5 c6 7.e4 Nbd7 8.Bd3 h6
9.Bh4 O-O 10.Nf3 Re8 11.O-O Bd6 12.Rfe1 Qc7 13.Rac1 g5 14.Bg3 Bxg3 15.hxg3 Qd6
16.Re2 Nf8 17.Ne5 Ng4 18.f4 f6 19.Ng6 Bd7 20.Rce1 a6 21.Na4 Rad8 22.Nc5 Bc8
23.Nxf8 Qxf8 {#r} 1-0

[Event "It (b)"]
[Site "masterchessopen.com Bischwiller (France)"]
[Round "8"]
[White "Varga Peter (HUN)"]
[Black "Mohebbi Jaffar (FRA)"]
[Result "0-1"]
[WhiteElo "2491"]
[BlackElo "2292"]

1.d4 Nf6 2.c4 e6 3.Nc3 Bb4 4.Qc2 d5 5.cxd5 exd5 6.Bg5 h6 7.Bh4 O-O 8.e3 Re8
9.Bd3 c5 10.Ne2 c4 11.Bh7+ Kh8 12.Bf5 Bxf5 13.Qxf5 Qd7 14.Qc2 Ne4 15.f3 Nxc3
16.bxc3 Bd6 17.e4 Nc6 18.e5 Bf8 19.O-O b5 20.f4 b4 21.f5 bxc3 22.Qxc3 Rab8
23.Qd2 Qb7 24.f6 g6 25.Bf2 Nd8 26.Be3 Kh7 27.Nf4 Ne6 28.Rac1 Nxf4 29.Bxf4 Qb4
30.Rc3 Qb2 31.Rc2 Qb4 32.Qe3 Rb6 33.Qh3 Ree6 34.g4 Ra6 35.Bd2 Qb8 36.Bc1 Qc8
37.Qg2 Qd7 38.Rf3 Reb6 39.Rh3 Rb1 40.Kf2 Rxc1 41.Rxc1 Rxa2+ {#R} 0-1

[Event "It (open) \"]
[Site "masterchessopen.com Copenhagen (Denmark)"]
[Round "3"]
[White "Matthiesen Martin (DEN)"]
[Black "Ward Christopher (ENG)"]
[Result "0-1"]
[WhiteElo "2322"]
[BlackElo "2473"]

1.d4 Nf6 2.c4 e6 3.Nc3 Bb4 4.Qc2 d5 5.cxd5 exd5 6.Bg5 c5 7.dxc5 h6 8.Bxf6 Qxf6
9.e3 O-O 10.Ne2 Be6 11.a3 Bxc5 12.Nf4 Rc8 13.Rd1 d4 14.Ne4 Qf5 15.g4 Qe5
16.Nxc5 Rxc5 17.Qe2 Bc4 18.Qf3 Nc6 19.b4 dxe3 20.Qxe3 Re8 21.Qxe5 Rcxe5+
22.Kd2 Re4 23.Bxc4 Rxc4 24.Nd3 Nd4 25.Nc5 Nf3+ 26.Kd3 Ne5+ 27.Kd2 b6 28.Nb3
Rd8+ 29.Ke2 Re4+ {#R} 0-1

[Event "Oberliga East B 1998/99"]
[Site "masterchessopen.com Germany"]
[Round "0"]
[White "Ballo Emanuel (GER)"]
[Black "Gnauk Reinhard (GER)"]
[Result "1-0"]
[WhiteElo "2221"]
[BlackElo "2173"]

1.d4 Nf6 2.c4 e6 3.Nc3 Bb4 4.Qc2 d5 5.cxd5 exd5 6.Bg5 h6 7.Bxf6 Qxf6 8.e3 c6
9.Bd3 Nd7 10.Nf3 Qe7 11.O-O O-O 12.a3 Bd6 13.b4 Nf6 14.Na4 Re8 15.b5 Bg4
16.Nd2 Bxa3 17.bxc6 bxc6 18.Qxc6 Bb4 19.Nb3 Bd7 20.Qc2 Bxa4 21.Rxa4 Rec8
22.Qb1 Rc3 23.Rc1 Rxc1+ 24.Qxc1 Qb7 25.Qb1 Bd6 26.Ra5 Rb8 27.Rb5 Qc7 28.Rxb8+
Qxb8 29.g3 Qc7 30.Qa1 Qb6 31.Qc3 Kf8 32.Na5 Ke7 33.Nc6+ Kf8 34.Qc2 Qc7 35.Qa4
g6 36.Nxa7 Qc1+ 37.Kg2 Qd2 38.Qa6 Be7 39.Nc6 Ng4 40.Qc8+ {#r} 1-0

[Event "VK3 Ruhrgebiet 1998/99"]
[Site "masterchessopen.com Germany"]
[Round "8"]
[White "Schorra Helmut (GER)"]
[Black "Hoefker Mathias (GER)"]
[Result "1-0"]
[WhiteElo "2085"]
[BlackElo "2255"]

1.d4 Nf6 2.c4 e6 3.Nc3 Bb4 4.Qc2 d5 5.cxd5 exd5 6.Bg5 h6 7.Bxf6 Qxf6 8.e3 c6
9.Bd3 O-O 10.Nf3 Bd6 11.h3 Re8 12.O-O-O a5 13.Kb1 Na6 14.a3 Be6 15.e4 dxe4
16.Nxe4 Qd8 17.Nxd6 Qxd6 18.Ne5 Rac8 19.f4 b5 20.f5 Bd5 21.f6 gxf6 22.Ng4 Kg7
23.Rhf1 Be6 24.Nxf6 Rh8 25.Nh5+ Kf8 26.Nf4 Ke7 27.Qf2 Kd7 28.d5 Bxd5 29.Nxd5
cxd5 30.Bf5+ Kc6 31.Bxc8 Rxc8 32.Qxf7 Rc7 33.Rc1+ Kb7 34.Rxc7+ Nxc7 35.Rc1 Kb6
36.g4 d4 37.Qxc7+ Qxc7 38.Rxc7 Kxc7 39.Kc2 Kd6 40.Kd3 Kc5 41.h4 b4 42.g5 bxa3
43.bxa3 hxg5 44.hxg5 Kd5 45.g6 Ke6 46.Kxd4 Kf6 47.Kc5 Kxg6 48.Kb5 {#r} 1-0

[Event "It (open)"]
[Site "masterchessopen.com Hamburg (Germany)"]
[Round "8"]
[White "Gaede Derek (GER)"]
[Black "Luckow Joern (GER)"]
[Result "1-0"]
[WhiteElo "2223"]
[BlackElo "2162"]

1.d4 Nf6 2.c4 e6 3.Nc3 Bb4 4.Qc2 d5 5.cxd5 exd5 6.Bg5 h6 7.Bh4 g5 8.Bg3 Ne4
9.e3 Bf5 10.Bd3 Nxg3 11.hxg3 Bxd3 12.Qxd3 c6 13.Nf3 Nd7 14.a3 Be7 15.Qf5 Bf6
16.e4 Qb6 17.O-O-O O-O-O 18.e5 Be7 19.Qxf7 Rde8 20.Rxh6 Rhf8 21.Qh7 Qa5 22.Re6
Rh8 23.Qg6 Nb6 24.Nd2 Nd7 25.f4 gxf4 26.gxf4 Qd8 27.Qg4 Kb8 28.Rg6 Rh4 29.Qf3
Rf8 30.Rg4 Rh5 31.Qe3 Nb6 32.Rg7 Rh4 33.g3 Rh2 34.g4 Bh4 35.f5 Bf2 36.Qf4 Rfh8
37.e6+ Ka8 38.Nf1 Rg2 39.Qf3 Bxd4 40.Rxd4 Qf6 41.Qxg2 Qxd4 42.Rf7 Nc4 43.e7
Qf4+ 44.Kb1 Qd6 45.Qe2 {#r} 1-0

[Event "It (open)"]
[Site "masterchessopen.com Hastings (England)"]
[Round "4"]
[White "Lalic Bogdan (ENG)"]
[Black "Cherniaev Alexander (RUS)"]
[Result "1-0"]
[WhiteElo "2550"]
[BlackElo "2278"]

1.d4 Nf6 2.c4 e6 3.Nc3 Bb4 4.Qc2 d5 5.cxd5 exd5 6.Bg5 O-O 7.e3 h6 8.Bh4 c5
9.dxc5 Be6 10.Nf3 Bxc5 11.Be2 Nc6 12.O-O Nb4 13.Qd1 g5 14.Bg3 Ne4 15.Rc1 Nxg3
16.hxg3 Nc6 17.Bb5 Rc8 18.Bxc6 bxc6 19.Na4 Bd6 20.Nc5 Qe7 21.Qd4 Bf5 22.b4 Bg6
23.Qc3 Rfe8 24.a3 Kh7 25.Rfe1 Kg8 26.Nd4 Be5 27.Ncb3 Qd7 28.Qd2 Re7 29.Rc3 Rb8
30.Rec1 Rb6 31.Na5 {#r} 1-0

[Event "Ch Hungary (team) 1998/99 (3 liga)"]
[Site "masterchessopen.com Hungary"]
[Round "3"]
[White "Erdos Viktor (HUN)"]
[Black "Miklos Csaba (HUN)"]
[Result "1-0"]
[WhiteElo "2147"]
[BlackElo "2137"]

1.d4 Nf6 2.c4 e6 3.Nc3 Bb4 4.Qc2 d5 5.cxd5 exd5 6.Bg5 Be7 7.e3 h6 8.Bh4 O-O
9.Bd3 c6 10.Nge2 Na6 11.a3 Nc7 12.O-O Ne6 13.Rad1 Bd7 14.f3 Rc8 15.Bf2 c5
16.dxc5 Bxc5 17.Qd2 Qe7 18.Bb1 Rfd8 19.Ng3 Nf8 20.Rfe1 Be6 21.Nf5 Qd7 22.Nd4
a6 23.Bh4 Be7 24.Qf2 Ng6 25.Bg3 b5 26.Nce2 b4 27.Nxe6 Qxe6 28.Nd4 Qb6 29.a4
Bf8 30.Bf5 Rc4 31.Bd3 Rcc8 32.Qe2 a5 33.Bb5 Bd6 34.Bxd6 Rxd6 35.Rc1 Rdd8
36.Qd2 Ne7 37.Rxc8 Nxc8 38.Nc6 Rd6 39.Rc1 Kh8 40.Ne5 Ne7 41.Nxf7+ {#r} 1-0

[Event "It (open)"]
[Site "masterchessopen.com Port Erin (England)"]
[Round "7"]
[White "Allen Keith (IRL)"]
[Black "Emms John M (ENG)"]
[Result "1-0"]
[WhiteElo "2233"]
[BlackElo "2586"]

1.d4 Nf6 2.c4 e6 3.Nc3 Bb4 4.Qc2 d5 5.cxd5 exd5 6.Bg5 c5 7.dxc5 h6 8.Bxf6 Qxf6
9.e3 Nc6 10.Ne2 Bf5 11.Qd2 d4 12.Nxd4 O-O-O 13.O-O-O Bxc5 14.Bd3 Bxd4 15.exd4
Rxd4 16.Qe3 Rxd3 17.Rxd3 Bxd3 18.Qxd3 Qg5+ 19.Kb1 Qxg2 20.Qf5+ Kb8 21.Rd1 f6
22.h4 Re8 23.a3 a6 24.Ka2 Ne5 25.Rd4 Rc8 26.Ne4 Qf1 27.Nd6 Rc7 28.Rb4 Qc1
29.f4 g6 30.Qxf6 Nc6 31.Rc4 Qf1 32.Qxg6 Ka7 33.Qxh6 Rd7 34.Rc3 Qd1 35.Nc4 Qg1
36.Qg5 Qf2 37.Ne5 Nxe5 38.fxe5 Rd2 39.Qe3+ Qxe3 40.Rxe3 Rd8 41.e6 {#r} 1-0

[Event "It (open) \"]
[Site "masterchessopen.com St. Petersburg (Russia)"]
[Round "2"]
[White "Ballo Harald (GER)"]
[Black "Tikhanov Adolf (RUS)"]
[Result "1-0"]
[WhiteElo "1981"]
[BlackElo "2235"]

1.d4 Nf6 2.c4 e6 3.Nc3 Bb4 4.Qc2 d5 5.cxd5 exd5 6.Nf3 O-O 7.Bg5 h6 8.Bh4 Re8
9.e3 c6 10.Bd3 Bd6 11.O-O Nbd7 12.Rab1 Nf8 13.b4 Bg4 14.Nd2 Bh5 15.b5 Bg6
16.bxc6 Bxd3 17.Qxd3 bxc6 18.Qa6 Ng6 19.Bg3 Bxg3 20.hxg3 Re6 21.Qa3 Ng4 22.Na4
Qg5 23.Rfc1 Qf5 24.Nf3 Qh5 25.Nc5 Rf6 26.Nd3 Re8 27.Qxa7 Kh7 28.Rb7 Rxe3
29.fxe3 Rxf3 30.gxf3 Qh2+ 31.Kf1 Nxe3+ 32.Ke1 Qxg3+ 33.Kd2 Nc4+ 34.Rxc4 dxc4
35.Rxf7 {#r} 1-0

[Event "Ch Lithuania"]
[Site "masterchessopen.com Vilnius (Lithuania)"]
[Round "0"]
[White "Sakalauskas Vaidas (LTU)"]
[Black "Asauskas Henrikas (LTU)"]
[Result "1-0"]
[WhiteElo "2450"]
[BlackElo "2239"]

1.d4 Nf6 2.c4 e6 3.Nc3 Bb4 4.Qc2 d5 5.cxd5 exd5 6.Bg5 h6 7.Bxf6 Qxf6 8.a3
Bxc3+ 9.Qxc3 O-O 10.e3 c6 11.Nf3 Re8 12.Be2 Nd7 13.O-O Qd6 14.b4 Nf6 15.Rfc1
Ne4 16.Qc2 a6 17.Bd3 Bf5 18.Ne5 Qf6 19.a4 Rac8 20.Rab1 Nd6 21.Bxf5 Nxf5 22.b5
axb5 23.axb5 c5 24.Nd7 Qg5 25.dxc5 Nh4 26.f4 Qe7 27.Nb6 Qxe3+ 28.Qf2 Qxf2+
29.Kxf2 Rc7 30.Nxd5 Rd7 31.Rd1 Kf8 32.c6 bxc6 33.bxc6 Ra7 34.Ra1 Rxa1 35.Rxa1
Nf5 36.c7 Nd6 37.Rb1 f5 38.Rb8 {#r} 1-0

[Event "Ch Spain"]
[Site "masterchessopen.com Barcelona (Spain)"]
[Round "1"]
[White "Herraiz Hidalgo Herminio (ESP)"]
[Black "Colom Andres Xavier (ESP)"]
[Result "1-0"]
[WhiteElo "2415"]
[BlackElo "2053"]

1.d4 Nf6 2.c4 e6 3.Nc3 Bb4 4.Qc2 d5 5.cxd5 exd5 6.Bg5 h6 7.Bxf6 Qxf6 8.a3
Bxc3+ 9.Qxc3 c6 10.e3 Bf5 11.Ne2 O-O 12.Ng3 Bg6 13.b4 Nd7 14.Be2 b5 15.O-O Nb6
16.f4 Be4 17.f5 Rfe8 18.Rf4 Qd6 19.Raf1 Nd7 20.Rc1 Rac8 21.Nh1 g5 22.fxg6 Bxg6
23.Bg4 Rc7 24.Rcf1 Nb6 25.R1f3 Nc4 26.Rf6 Qd8 27.Ng3 Rxe3 28.Rxg6+ fxg6
29.Rxe3 Nxe3 30.Qxe3 Kh7 31.Qf4 Re7 32.h4 h5 33.Be2 Qe8 34.Bd3 Re1+ 35.Kh2 Kg7
{#r} 1-0

[Event "Extra League 2000/01"]
[Site "masterchessopen.com Czech Republic"]
[Round "2"]
[White "Cech Pavel (CZE)"]
[Black "Pokorna Regina (SVK)"]
[Result "1-0"]
[WhiteElo "2330"]
[BlackElo "2363"]

1.d4 Nf6 2.c4 e6 3.Nc3 Bb4 4.Qc2 d5 5.cxd5 exd5 6.Nf3 c5 7.e3 O-O 8.dxc5 Nbd7
9.a3 Bxc5 10.Be2 a6 11.O-O b5 12.b4 Bd6 13.Bb2 Bb7 14.Qb3 Qe7 15.Rfd1 Rac8
16.Rac1 Nb6 17.a4 Rc4 18.Bxc4 dxc4 19.Qc2 bxa4 20.Nxa4 Be4 21.Bxf6 gxf6 22.Qa2
Nxa4 23.Qxa4 Kh8 24.Qxa6 Bxb4 25.Rxc4 f5 26.Rc8 Bxf3 27.Rxf8+ Qxf8 28.Qf6+ Kg8
29.Rd8 Be4 30.Qg5+ {#r} 1-0

[Event "It (open)"]
[Site "masterchessopen.com Hastings (England)"]
[Round "2"]
[White "Hammond Andrew JC (ENG)"]
[Black "Rendle Thomas (ENG)"]
[Result "1-0"]
[WhiteElo "2213"]
[BlackElo "2143"]

1.d4 Nf6 2.c4 e6 3.Nc3 Bb4 4.Qc2 d5 5.cxd5 exd5 6.Bg5 h6 7.Bh4 c5 8.dxc5 g5
9.Bg3 Ne4 10.Be5 O-O 11.O-O-O Bxc3 12.Bxc3 Nxf2 13.e3 Nxd1 14.Qxd1 Bf5 15.h4
g4 16.Qd4 f6 17.Qf4 Qd7 18.Ne2 Nc6 19.Ng3 Ne7 20.Qxh6 Qe6 21.e4 Bxe4 22.Nh5
Kf7 23.Qg7+ Ke8 24.Bb5+ Nc6 25.Qxb7 d4 26.Ng7+ {#r} 1-0

[Event "Ch Ukraine (juniors) (under 20)"]
[Site "masterchessopen.com Kharkov (Ukraine)"]
[Round "0"]
[White "Drozdovskij Yuri (UKR)"]
[Black "Moiseenko Alexander (UKR)"]
[Result "0-1"]
[WhiteElo "2421"]
[BlackElo "2582"]

1.d4 Nf6 2.c4 e6 3.Nc3 Bb4 4.Qc2 d5 5.cxd5 exd5 6.a3 Bxc3+ 7.Qxc3 Ne4 8.Qb3 c5
9.dxc5 Nc6 10.Nf3 O-O 11.e3 Bg4 12.Be2 Qa5+ 13.Kf1 Qxc5 14.Qd3 Qd6 15.Bd2 Rac8
16.Be1 Rfd8 17.Rd1 b6 18.Kg1 Bxf3 19.Bxf3 Ne5 20.Qf1 Qg6 21.Bxe4 dxe4 22.Qa6
h5 23.Kf1 Rxd1 24.Qxc8+ Kh7 25.Qc2 Ra1 26.Rg1 Nd3 27.Ke2 Qg4+ 28.f3 Rxe1+
29.Rxe1 Qxg2+ 30.Kd1 Qxc2+ 31.Kxc2 Nxe1+ {#R} 0-1

[Event "It (open)"]
[Site "masterchessopen.com Maspalomas (Spain)"]
[Round "2"]
[White "Del Rey Diego (ESP)"]
[Black "Morales Julian (ESP)"]
[Result "1-0"]
[WhiteElo "2382"]
[BlackElo "2194"]

1.d4 Nf6 2.c4 e6 3.Nc3 Bb4 4.Qc2 d5 5.cxd5 exd5 6.Bg5 Nc6 7.e3 h6 8.Bh4 Qe7
9.Bb5 O-O 10.Ne2 Nd8 11.a3 Bxc3+ 12.Nxc3 c6 13.Bd3 Ne6 14.O-O Re8 15.Rfe1 b6
16.e4 Nf4 17.Re3 g5 18.exd5 Qd8 19.Bg3 cxd5 20.Rxe8+ Nxe8 21.Bxf4 gxf4 22.Re1
Be6 23.f3 Qf6 24.Re5 Rd8 25.Qd2 Ng7 26.Ne2 Qh4 27.Nxf4 {#r} 1-0

[Event "It (open)"]
[Site "masterchessopen.com New York (USA)"]
[Round "4"]
[White "Annakov Babakuli (USA)"]
[Black "Maki-Uuro Miikka (FIN)"]
[Result "0-1"]
[WhiteElo "2565"]
[BlackElo "2329"]

1.d4 Nf6 2.c4 e6 3.Nc3 Bb4 4.Qc2 d5 5.cxd5 exd5 6.Bg5 h6 7.Bxf6 Qxf6 8.a3
Bxc3+ 9.Qxc3 O-O 10.e3 Bf5 11.Nf3 Nd7 12.Rc1 Rfc8 13.b4 a5 14.Be2 axb4 15.axb4
Ra2 16.Ra1 Qc6 17.Rc1 Qxc3+ 18.Rxc3 Rb2 19.b5 Rb1+ 20.Bd1 Rxb5 21.O-O Rb2
22.Nh4 Be6 23.f4 Nf6 24.Bc2 Ne4 25.Bxe4 dxe4 26.Rc5 c6 27.Re5 Ra8 28.Rxe4 Bd5
29.Re5 f6 30.Re7 Raa2 31.f5 Rxg2+ {#R} 0-1

[Event "It (cat.11)"]
[Site "masterchessopen.com Porto (Portugal)"]
[Round "6"]
[White "Arlandi Ennio (ITA)"]
[Black "Mitkov Nikola (MKD)"]
[Result "0-1"]
[WhiteElo "2437"]
[BlackElo "2532"]

1.d4 Nf6 2.c4 e6 3.Nc3 Bb4 4.Qc2 d5 5.cxd5 exd5 6.Bg5 h6 7.Bxf6 Qxf6 8.a3 Ba5
9.Qa4+ Nc6 10.e3 Bd7 11.Rc1 Bxc3+ 12.Rxc3 O-O 13.Qd1 Qd6 14.Bd3 Ne7 15.Qc2 c6
16.Ne2 Qf6 17.O-O a5 18.b4 axb4 19.axb4 b5 20.Qb2 Nc8 21.Ra3 Nb6 22.Rfa1 Rxa3
23.Qxa3 Bf5 24.Nf4 Bxd3 25.Nxd3 Nc4 26.Qc3 Re8 27.Nc5 g6 28.h3 Kg7 29.Ra6 Qd6
30.Qa1 Qf6 31.Ra7 Qg5 32.Qa2 h5 33.Rc7 Nxe3 34.fxe3 Qg3 35.Rxc6 Rxe3 36.Ne6+
fxe6 37.Qa7+ Kh6 38.Rc1 Re2 {#R} 0-1

[Event "It (open)"]
[Site "masterchessopen.com Seefeld (Austria)"]
[Round "5"]
[White "Gorecki Zbigniew (POL)"]
[Black "Thoeny Hermann (AUT)"]
[Result "0-1"]
[WhiteElo "2112"]
[BlackElo "2144"]

1.d4 Nf6 2.c4 e6 3.Nc3 Bb4 4.Qc2 d5 5.cxd5 exd5 6.Bg5 h6 7.Bh4 O-O 8.e3 c5
9.Rd1 cxd4 10.Bxf6 Qxf6 11.Rxd4 Nc6 12.Rf4 Qe7 13.Bb5 d4 14.Bxc6 dxc3 15.bxc3
Bd6 16.Re4 Qc7 17.Bd5 Bf5 18.Ne2 Rad8 19.h4 Be5 20.Qb3 Bxe4 21.Bxe4 b6 22.f4
Bd6 23.Kf2 Rfe8 24.Bd5 Qe7 25.e4 Qf6 26.Kf3 Rc8 27.g4 Bxf4 28.Bxf7+ Qxf7
29.Qxf7+ Kxf7 30.Kxf4 Rc4 31.Nd4 Rxc3 32.Nb5 Rc6 33.Rd1 Rf6+ 34.Ke3 Kg8
35.Nxa7 Ra8 36.Nb5 Rxa2 37.e5 Re6 38.Kd4 Re2 {#R} 0-1

[Event "Ch Ukraine"]
[Site "masterchessopen.com Sevastopol (Ukraine)"]
[Round "2"]
[White "Shemeakin Alexander (UKR)"]
[Black "Boginin Oleg (UKR)"]
[Result "0-1"]
[WhiteElo "2382"]
[BlackElo "2443"]

1.d4 Nf6 2.c4 e6 3.Nc3 Bb4 4.Qc2 d5 5.cxd5 exd5 6.Bg5 h6 7.Bh4 c5 8.a3 Bxc3+
9.bxc3 g5 10.Bg3 Ne4 11.Be5 f6 12.Bxb8 Rxb8 13.f3 Nd6 14.dxc5 Nf5 15.e4 dxe4
16.Qxe4+ Kf8 17.g4 Rh7 18.Rd1 Qc7 19.Be2 Re7 20.Qb1 Nh4 21.Rd6 Qxc5 22.Rd8+
Kg7 23.Qb4 Qe3 24.Rd3 Qe6 25.Rd6 Qe5 26.Rd5 Qc7 27.Rc5 Qd8 28.Rd5 Qe8 29.Kf2
Bd7 30.Bb5 Bc6 31.Qc5 a6 32.Bxc6 bxc6 33.Rd2 Rb1 34.Qd4 Qb8 35.h3 Rbe1 36.Rd1
Rxd1 37.Qxd1 Qb6+ 38.Qd4 Qb2+ {#R} 0-1

[Event "It (open)"]
[Site "masterchessopen.com Stratton Mountain (USA)"]
[Round "4"]
[White "Lazarev Vladimir (FRA)"]
[Black "Benen Samson (USA)"]
[Result "1-0"]
[WhiteElo "2478"]
[BlackElo "2190"]

1.d4 Nf6 2.c4 e6 3.Nc3 Bb4 4.Qc2 d5 5.cxd5 exd5 6.Bg5 c5 7.e3 Nc6 8.dxc5 d4
9.O-O-O Bxc5 10.Nf3 O-O 11.Bxf6 gxf6 12.Nxd4 Bxd4 13.exd4 Nb4 14.Qb3 a5 15.a3
Bf5 16.axb4 axb4 17.Qxb4 {#r} 1-0

[Event "Ch England (team) 2000/01 (3 div)"]
[Site "masterchessopen.com England"]
[Round "8"]
[White "Anderton David W (ENG)"]
[Black "Kendall Paul S W (ENG)"]
[Result "1-0"]
[WhiteElo "2230"]
[BlackElo "2042"]

1.d4 Nf6 2.c4 e6 3.Nc3 Bb4 4.Qc2 d5 5.cxd5 exd5 6.Bg5 c6 7.e3 Nbd7 8.Bd3 Be7
9.Nge2 Nf8 10.O-O Ne6 11.Bh4 Ng4 12.Bxe7 Qxe7 13.Ng3 g6 14.Rae1 O-O 15.h3 Nh6
16.Qd2 f5 17.Nge2 Qg7 18.Bc2 b6 19.b4 Bb7 20.Bb3 a6 21.f3 Rad8 22.e4 f4 23.a4
g5 24.b5 axb5 25.axb5 Kh8 26.bxc6 Ba6 27.exd5 Bxe2 28.Nxe2 Nc7 29.Nc3 Nf5
30.Re5 Ne3 31.Re1 b5 32.Ne4 Ncxd5 33.Nxg5 Nc7 34.R1xe3 fxe3 35.Qxe3 h6 36.Nf7+
Rxf7 37.Bxf7 Qxf7 38.Re7 Qf6 39.Rxc7 Qxd4 40.Qxd4+ Rxd4 41.Rd7 {#r} 1-0

[Event "Ch France (team) (2) 2001/02"]
[Site "masterchessopen.com France"]
[Round "4"]
[White "Lazarev Vladimir (FRA)"]
[Black "Olivier Jean-Christophe (FRA)"]
[Result "1-0"]
[WhiteElo "2441"]
[BlackElo "2372"]

1.d4 Nf6 2.c4 e6 3.Nc3 Bb4 4.Qc2 d5 5.cxd5 exd5 6.Bg5 h6 7.Bh4 c5 8.dxc5 g5
9.Bg3 Nc6 10.e3 Qa5 11.Ne2 Ne4 12.a3 Bf5 13.Qc1 Nxc5 14.axb4 Nd3+ 15.Kd2 Qxb4
16.Ra4 Nxc1 17.Rxb4 Nxe2 18.Rxb7 Nxg3 19.hxg3 d4 20.exd4 Nxd4 21.Nd5 Kf8
22.Bc4 Ne6 23.f3 Nc5 24.Rb5 Rc8 25.b4 Nd7 26.Ne3 Nb6 27.Be2 Be6 28.Rxg5 hxg5
29.Rxh8+ Ke7 30.Rxc8 Bxc8 31.g4 Be6 32.Kc3 Nd5+ 33.Nxd5+ Bxd5 34.Kd4 Bb7
35.Bd3 f6 36.Kc5 Bc8 37.Kc6 Be6 38.Kb7 Bb3 39.Kxa7 Kd6 40.b5 Bd5 41.b6 Ke5
42.b7 Bxb7 43.Kxb7 Kf4 44.Kc6 {#r} 1-0